| 000 | 00000cam 2200000zi 4500 |
| 001 | 9.953712 |
| 003 | CaOODSP |
| 005 | 20260114072030 |
| 006 | m o d f |
| 007 | cr mn||||||||| |
| 008 | 250730t20252025abcab ob f000 0 eng d |
| 020 | |a9780660783239 |
| 040 | |aCaOODSP|beng|erda|cCaOODSP |
| 041 | 0 |aeng|beng|bfre |
| 043 | |an-cn-ab |
| 045 | |ay2y2 |
| 086 | 1 |aFo133-1/433E-PDF |
| 245 | 00|aJasper wildfire complex 2024 : |bfire behaviour documentation, reconstruction, and analysis. |
| 264 | 1|aEdmonton, AB : |bNatural Resources Canada = Ressources naturelles Canada, |c2025. |
| 264 | 4|c©2025 |
| 300 | |a1 online resource (xii, 92 pages) : |billustrations (chiefly colour), colour maps. |
| 336 | |atext|btxt|2rdacontent |
| 337 | |acomputer|bc|2rdamedia |
| 338 | |aonline resource|bcr|2rdacarrier |
| 490 | 1 |aInformation report, |y0831-8247 ; |vNOR-X-433 |
| 500 | |aIssued also in French under title: Documentation, reconstruction et analyse du comportement du complexe d'incendies de Jasper 2024. |
| 500 | |aIncorrect ISSN (0831-8247) printed in this publication. |
| 500 | |a"Northern Forestry Centre, Canadian Forest Service." |
| 504 | |aIncludes bibliographical references (pages 55-60). |
| 520 | 3 |a"Following a highly destructive 2024 wildfire in Jasper, Alberta, a study was completed to describe the behaviour and environmental factors associated with this event. On July 22, 2024, lightning ignited multiple fire starts in the upper Athabasca valley in Jasper National Park following a month-long drought. Three ignitions merged as the South Fire and advanced rapidly toward the Jasper townsite. A separate incident closer to the community initially drew most attention and suppression resources. … This report integrates operational interviews and photographs, field measurements, management records, and modelling to reconstruct the sequence and drivers behind this event. Key contributing factors include drought conditions, rapid ignition and acceleration, continuous and mountain pine beetle (MPB)-affected fuels, sustained high intensity, plume-driven behaviour, convection column collapse, and ember transport. The 2024 Jasper Wildfire Complex illustrates the increasing challenge of managing extreme wildland fire events in Canada's evolving fire landscape. By documenting and analyzing this event, this report provides insights into the need for improved understanding and predictive models and to enhance landscape and community resilience to future wildfire threats"--Abstract, page v. |
| 546 | |aIncludes abstracts in English and French. |
| 650 | 0|aWildfires|zAlberta|zJasper National Park. |
| 650 | 0|aWildfires|zAlberta|zJasper. |
| 650 | 0|aWildfires|xPrevention and control. |
| 710 | 2 |aNorthern Forestry Centre (Canada), |eissuing body. |
| 775 | 08|tDocumentation, reconstruction et analyse du comportement du complexe d'incendies de Jasper 2024.|w(CaOODSP)9.953715 |
| 830 | #0|aInformation report (Northern Forestry Centre (Canada))|vNOR-X-433.|w(CaOODSP)9.504852 |
| 856 | 40|qPDF|s31.00 MB|uhttps://publications.gc.ca/collections/collection_2026/rncan-nrcan/Fo133-1-433-eng.pdf |